000 02701cam a2200265 4500500
005 20260405003943.0
041 _afre
042 _adc
100 1 0 _aBrière, Florine
_eauthor
245 0 0 _aEntre éducation à l’esprit d’entreprendre et forme scolaire : les tensions de la professionnalisation au management dans l’enseignement supérieur privé
260 _c2026.
500 _a33
520 _aCette recherche en sciences de l’éducation et de la formation interroge la manière dont l’éducation à l’esprit d’entreprendre reconfigurerait la forme scolaire et les processus de professionnalisation dans les formations au management du supérieur privé. À partir d’une enquête ethnographique menée dans plusieurs établissements, elle met en lumière l’émergence d’une « forme managériale », évolution de la forme scolaire, qui redéfinit les savoirs, les temporalités et les postures d’apprentissage. Cette thèse éclaire la diffusion et la traduction de l’esprit d’entreprendre et de l’esprit d’entreprise dans les cursus professionnalisants et la manière dont il participe à la fabrique des futurs managers de proximité. Ce travail questionne la place et la nature de la culture entrepreneuriale dans l’enseignement supérieur et la conception même de la professionnalisation des étudiants.
520 _aThis research in education and training sciences examines how education for an entrepreneurial mindset might reshape the “school form” and the processes of professionalization in management programs within private higher education. Based on an ethnographic study conducted across several institutions, it highlights the emergence of a “managerial form”, an evolution of the “school form” that redefines knowledge, temporalities, and learning postures. The thesis sheds light on how both the entrepreneurial mindset and the spirit of enterprise are diffused and translated within professional curricula, contributing to the making of future middle managers. This work questions the place and nature of entrepreneurial culture in higher education and the very conception of student professionalization.
690 _aéducation à l’esprit d’entreprendre
690 _aforme scolaire
690 _amanagement
690 _aprofessionnalisation
690 _aentrepreneurial education
690 _amanagement
690 _aprofessionalization
690 _aschool form
786 0 _nProjectics / Proyéctica / Projectique | 43 | 1 | 2026-03-24 | p. 39-49 | 2031-9703
856 4 1 _uhttps://shs.cairn.info/revue-projectics-proyectica-projectique-2026-1-page-39?lang=fr&redirect-ssocas=7080
999 _c2072391
_d2072391